[Event "Mitropa Online Cup Women 2021"]
[Site "Hybrid"]
[Date "2021.05.04"]
[Round "8.3"]
[White "Spiranec, Noemi"]
[Black "Terbe, Zsuzsanna"]
[Result "0-1"]
[WhiteElo "2098"]
[BlackElo "2186"]
[Annotator "TA"]
[PlyCount "118"]
[EventDate "2021.05.04"]
[EventType "team-tourn"]
[EventCountry "NET"]
[SourceTitle "playchess.com"]
[Source "ChessBase"]
[SourceQuality "1"]
[WhiteTeam "Croatia"]
[BlackTeam "Hungary"]
[WhiteTeamCountry "CRO"]
[BlackTeamCountry "HUN"]

{[%evp 13,118,28,29,24,34,12,21,0,0,0,19,20,28,0,0,0,0,0,14,0,0,0,0,0,14,-8,0,0,0,0,0,0,0,0,0,0,0,8,7,0,19,11,39,2,7,-28,-38,-28,0,-56,-27,-74,-64,-152,-139,-157,-148,-150,-79,-79,-79,-79,-52,-48,-55,-138,-102,-101,-65,-84,-84,-157,-156,-199,-167,-264,-197,-190,-208,-234,-183,-290,-299,-282,-284,-332,-295,-312,-291,-287,-250,-244,-173,-431,-444,-434,-428,-572,-567,-540,-415,-727,-712,-749,-714,-802,-808]} 1. d4 d5 2. c4 c6 3. Nf3 Nf6 4. e3 Bf5 5. Nc3 e6 6. Nh4 Bg6 {6...Be4 gains popularity.} 7. Nxg6 hxg6 8. Qb3 {D12: Slav Defence: 3 Nf3 Nf6 4 e3 Bf5.} Qc7 9. h3 Nbd7 10. Be2 {The position is equal.} Be7 11. Bd2 O-O 12. O-O Nb6 {[#]} 13. Rfc1 $146 (13. c5 {feels hotter.} Nbd7 14. Qd1 e5 15. b4 Rfe8 16. Bd3) ({Predecessor:} 13. c5 Nbd7 14. Qc2 e5 15. b4 Rfe8 16. Rac1 Nf8 17. dxe5 Qxe5 18. f4 Qc7 19. Bf3 {1-0 (63) Kempinski,R (2583)-Rudolf,M (2359) Poronin 2013}) 13... dxc4 14. Bxc4 Nxc4 15. Qxc4 Qd7 16. Rc2 Rac8 17. b4 Rfd8 18. Rac1 Qd6 19. Ne2 e5 20. dxe5 Qxe5 21. Bc3 Qd5 22. Bd4 a6 23. Nf4 Qxc4 24. Rxc4 Nd5 25. Nd3 Ra8 26. Rb1 Bd6 27. g3 Rd7 28. e4 Nc7 29. Be5 Bxe5 30. Nxe5 Re7 31. f4 (31. Nd3 $11) 31... Rd8 32. Rb2 g5 33. Re2 ({White should play} 33. Kf2 $15) 33... gxf4 $17 34. gxf4 {[#]} Ne6 $1 {[%cal Re6f4]} 35. Rf2 Nxf4 36. Nxc6 Nxh3+ 37. Kg2 Nxf2 38. Nxe7+ {[%mdl 4096] Endgame KRN-KRN} Kf8 {Strongly threatening ...Rd2.} 39. Nf5 ({White should try} 39. Ng6+ $1 $15 fxg6 40. Kxf2) 39... Nd3 40. a3 Nf4+ 41. Kf3 Ne6 42. Rc3 {[#]} (42. e5 $142) 42... g6 $1 {[%cal Rg6f5]} 43. Ne3 Nd4+ 44. Kg4 (44. Kf2 $142) 44... Nb5 45. Rb3 Rd4 46. Kf3 Rd2 {And now ...Nd4+ would win.} 47. Kg3 (47. Kf4 {was called for.}) 47... Nd4 $19 48. Rb1 Re2 49. Nc4 Rxe4 50. Nd6 Re7 51. Rd1 Ne2+ 52. Kf3 Nc3 53. Rd3 {[#]} (53. Rc1 {was forced.} Nd5 54. Rc5) 53... Rd7 $1 54. Rxc3 {Ne4 is the strong threat.} (54. Ke3 Nb5) 54... Rxd6 {KR-KR} 55. Rc7 b5 56. Ke4 Kg7 57. Ra7 (57. Rc3 $142) 57... Kf6 {Black is clearly winning.} 58. Kf4 g5+ 59. Ke4 Ke6 {Weighted Error Value: White=0.37/Black=0.12} 0-1

[Event "Mitropa Online Cup Women 2021"]
[Site "Hybrid"]
[Date "2021.05.04"]
[Round "8.4"]
[White "Janzelj, Lara"]
[Black "Trippold, Denise"]
[Result "1/2-1/2"]
[WhiteElo "2212"]
[BlackElo "2145"]
[Annotator "TA"]
[PlyCount "177"]
[EventDate "2021.05.04"]
[EventType "team-tourn"]
[EventCountry "NET"]
[SourceTitle "playchess.com"]
[Source "ChessBase"]
[SourceQuality "1"]
[WhiteTeam "Slovenia"]
[BlackTeam "Austria"]
[WhiteTeamCountry "SLO"]
[BlackTeamCountry "AUT"]

{[%evp 15,177,-9,-3,-16,-8,-8,0,0,0,-2,0,-8,0,0,0,0,0,-11,0,0,14,16,7,13,18,12,8,8,7,16,25,3,3,-16,-24,-18,19,32,32,25,39,19,29,25,27,21,22,-16,0,-11,-5,-55,0,-16,-16,-9,-11,-43,15,13,6,0,10,0,0,0,0,-1,0,0,0,0,0,-14,0,0,0,0,0,0,0,-33,-35,-41,-12,-13,-10,-8,-8,-8,-8,-8,-5,-39,-29,-41,-56,-34,-8,-8,-8,-19,-19,-20,0,0,0,-20,-20,-26,-27,-33,-8,-19,-8,-81,-72,-77,-79,-80,-77,-78,-19,-25,-51,-682,-639,-943,0,-51,0,-715,-792,-4876,-4650,-4618,-4321,-4321,-4530,-29951,-29944,-12835,-12835,-12822,-11579,-4627,0,0,0,0,0,0,0,0,0,0,0,0,0,-4618,0,0,0,0]} 1. d4 d5 2. c4 e6 3. Nf3 Nf6 4. Nc3 c6 5. cxd5 exd5 6. Bg5 Be7 7. Qc2 g6 8. e3 Bf5 9. Qc1 {D36: Queen's Gambit Declined: Exchange Variation: Main line (5 Bg5 c6 6 Qc2).} O-O 10. Be2 Ne4 11. Bxe7 Qxe7 12. O-O Nd7 {[#]} 13. Re1 $146 ({Predecessor:} 13. a3 a5 14. Nxe4 dxe4 15. Nd2 Qg5 16. Re1 h5 17. Bf1 h4 18. b4 axb4 19. axb4 {0-1 (61) Radjabov,T (2713)-Wang,Y (2723) Beijing 2013}) 13... Rfe8 14. Nxe4 Bxe4 15. Nd2 Bf5 16. Nf1 Nf6 17. Ng3 Qd7 18. b4 a6 19. a4 h5 20. b5 axb5 21. axb5 Rxa1 22. Qxa1 h4 23. bxc6 bxc6 24. Nf1 h3 25. g3 Bg4 {White must now prevent ...Bxe2.} 26. f3 Bf5 27. Rc1 Qb7 28. Qc3 Bd7 29. Nd2 Ra8 30. Bf1 Nh7 31. e4 Ra2 32. Rb1 Qa7 33. Qe3 Ng5 34. Nb3 Ne6 35. exd5 cxd5 {Black wants to play ...Bb5!} 36. Qe5 Qc7 (36... Qb7 $15) 37. Qxc7 $11 Nxc7 38. Nc5 Bf5 39. Rb7 (39. Rb8+ {looks sharper.} Kg7 40. g4 Ne6 41. gxf5 Nxd4 42. Bxh3 Nxf3+ 43. Kf1) 39... Ne6 40. Nxe6 Bxe6 {[%mdl 4096] Endgame KRB-KRB} 41. Rb4 (41. Rb3 {seems wilder.} Rd2 42. Rd3 Ra2 43. Rb3) 41... Ra3 (41... Kg7 {is interesting.} 42. Rb3 Kf6 43. Re3 Rd2 44. Rd3 Rb2) 42. Kf2 Ra2+ 43. Be2 Kg7 44. g4 g5 45. Rb5 Ra4 46. Ke3 Ra3+ 47. Kf2 Ra4 48. Kg3 Rxd4 49. Rb2 f5 50. Kxh3 f4 51. Kg2 Kf6 52. Kf2 Ra4 53. Rb7 Ra2 54. Rb6 (54. Rh7 {with more complications.} Ke5 55. Re7 Rb2 56. Rg7 Kf6 57. Rh7) 54... Ke5 55. Ke1 Ra1+ 56. Kf2 Bf7 57. Rb7 Bg6 58. Rg7 Kf6 59. Rd7 Ke6 60. Rg7 Kf6 61. Rd7 Bf7 62. Bd3 Ra2+ 63. Be2 Be6 64. Rb7 Ke5 65. Rb6 (65. Ke1 $11 {keeps the balance.}) 65... Bd7 $17 66. Ke1 Kd4 67. Rb4+ Kc3 68. Rb7 Ra1+ ({Better is} 68... Ba4 $17 69. Rc7+ Kd4) 69. Kf2 $11 Ba4 70. Ra7 $2 {[%mdl 8192]} (70. Rc7+ $15 Kd4 71. Ra7) 70... Ra2 $19 71. Ke1 Ra1+ $2 (71... Bb3 $1 $19 72. Rg7 Ra1+ 73. Kf2 Bc4 74. Bxc4 dxc4 75. Rxg5 Ra2+ 76. Ke1 Kd3) 72. Kf2 $15 Ra2 $2 {[%mdl 8192]} (72... Kd4 $15) 73. Ke1 $1 $19 {[#]} Bb3 $1 74. Rg7 Bc4 75. Bxc4 dxc4 {[%cal Bd5c4,Bc4c3][%mdl 32]} 76. Rxg5 {KR-KR} Kd3 77. h4 c3 78. Rd5+ Ke3 79. Kd1 Kxf3 80. g5 Rh2 $2 (80... Ke4 $19 81. Rd8 f3 82. Re8+ Kd5 83. Rd8+ Ke6) 81. g6 $11 {Strongly threatening g7.} Rxh4 {Hoping for ...Rg4.} 82. Rg5 {And now g7 would win.} Rh8 83. Kc2 Rg8 84. Kxc3 Ke4 85. Kd2 f3 86. Rg4+ Kf5 87. Rg1 $2 {[%mdl 8192] [#]} (87. Rb4 $11) 87... f2 $2 (87... Kf4 $1 $19 88. Rc1 Rxg6) 88. Rf1 Kxg6 89. Rxf2 {Weighted Error Value: White=0.07/Black=0.09} 1/2-1/2

[Event "Mitropa Online Cup Women 2021"]
[Site "Hybrid"]
[Date "2021.05.04"]
[Round "8.4"]
[White "Hrescak, Ivana"]
[Black "Hapala, Elisabeth"]
[Result "1/2-1/2"]
[WhiteElo "2201"]
[BlackElo "2120"]
[Annotator "TA"]
[PlyCount "194"]
[EventDate "2021.05.04"]
[EventType "team-tourn"]
[EventCountry "NET"]
[SourceTitle "playchess.com"]
[Source "ChessBase"]
[SourceQuality "1"]
[WhiteTeam "Slovenia"]
[BlackTeam "Austria"]
[WhiteTeamCountry "SLO"]
[BlackTeamCountry "AUT"]

{[%evp 13,194,0,0,0,0,0,8,0,-7,0,0,-13,-25,-7,-27,-22,-6,-31,20,-10,21,0,0,0,0,0,0,0,0,-21,-19,-33,-8,-20,0,0,0,-16,0,-31,-31,-24,-15,-15,-22,-20,-22,-49,-75,-98,-94,-249,-182,-185,-182,-183,-162,-218,-202,-171,-175,-167,-98,-98,-98,-100,-80,-88,-70,-80,-12,-71,0,0,0,0,0,0,0,0,0,0,0,0,0,0,0,0,0,0,0,0,0,0,0,0,0,0,0,0,0,0,0,0,0,-145,0,0,0,0,0,0,0,0,0,0,0,0,0,0,0,0,0,0,0,0,0,0,0,0,0,0,0,0,0,0,0,0,0,0,0,0,0,0,0,0,0,0,0,0,0,0,0,0,0,0,0,0,0,0,0,0,0,0,0,0,0,0,0,0,0,0,0,0,0,0,0,0,0,0,0,0,0]} 1. d4 Nf6 2. c4 e6 3. Nc3 Bb4 4. e3 O-O 5. Nge2 Re8 6. a3 Bf8 7. d5 a5 8. g3 {E46: Nimzo-Indian: Rubinstein: 4 e3 0-0 5 Ne2 without early Bd3.} Na6 {[%cal Bb8a6,Ba6c5,Bc5e4][%mdl 32]} 9. Bg2 Nc5 10. b3 exd5 11. cxd5 b6 12. O-O Ba6 13. Ra2 $1 Nfe4 14. Nxe4 Nxe4 15. Bb2 {[#]} c5 $146 (15... Qg5 $15) ({Predecessor:} 15... a4 16. bxa4 Bc4 17. Ra1 Nc5 18. Qc2 Rxa4 19. Bc3 b5 20. Bb4 Qf6 21. Nc3 Bd3 {½-½ (37) Bekker Jensen,S (2405)-Oleksienko,M (2568) Reykjavik 2013}) 16. Qc2 Nd6 17. e4 (17. Re1 {looks sharper.} f5 18. Nc3 Rc8 19. Nb1 c4 20. b4) 17... Bxe2 18. Qxe2 Nxe4 19. Bxe4 f5 $1 20. f3 Bd6 21. Qd3 fxe4 22. fxe4 Qe7 23. Re1 Be5 24. Bxe5 Qxe5 25. Rf2 Rf8 26. Ref1 Rxf2 27. Rxf2 $15 {[%mdl 4096] Endgame KQR-KQR} Re8 28. Qf3 {Intending Qf7+ and mate.} h6 ({Stronger than} 28... Qxe4 29. Qf7+ Kh8 30. Qf8+ $3 {[%mdl 512]} Rxf8 31. Rxf8#) 29. Qf7+ $1 Kh7 30. Qxd7 Qxe4 31. d6 Re6 32. Qc7 $2 (32. Rf7 $17 Qb1+ 33. Kf2 Qc2+ 34. Kf1 Qb1+ 35. Kf2 Qc2+ 36. Kg1 Qd1+ 37. Kg2 Re2+ 38. Kh3) 32... Qd4 33. Kg2 Qd5+ ({Don't do} 33... Qxd6 34. Qf7 $17) 34. Kh3 Rxd6 35. Qf7 {[#]} (35. Qe7 {was called for.}) 35... Qxf7 $1 $19 36. Rxf7 {KR-KR} Rd3 37. b4 axb4 (37... Rxa3 $19 38. bxc5 bxc5) 38. axb4 $17 cxb4 39. Rf4 Rb3 40. Rf5 Rb1 41. Rb5 b3 ({Black should try} 41... Kg6 $17 42. Kg4 Kf6) 42. Rxb6 $11 b2 ({Black should play} 42... g6 $17 43. Rb7+ Kg8) 43. Kg4 g6 44. Rb7+ Kg8 45. Kh4 Kf8 46. Kg4 Ke8 47. Kh4 Kd8 48. Kg4 Kc8 49. Rb3 Kc7 50. Kh4 Kc6 51. Kh3 $1 Kc5 52. Rb8 Kc4 53. Rc8+ Kd3 54. Rb8 Ke2 55. Kg2 $1 Ke3 {...Kd3 is the strong threat.} (55... g5 $5 56. g4 $8 Kd2 $11) 56. Rb7 g5 57. Re7+ Kd3 (57... Kd2 {keeps more tension.} 58. Rd7+ Kc3 59. Rc7+ Kb3 60. Rb7+ Kc2) 58. Rd7+ $1 Ke4 (58... Kc2 $11 59. Rc7+ Kd3) 59. Rb7 $17 {[#]} h5 (59... g4 $1 $17 {Strongly threatening ...Kd4.} 60. Rb6 Kd4) 60. Rb8 $1 $11 {The position is equal.} Kf5 61. Rb5+ Ke6 62. Rb6+ Kd5 {White must now prevent ...Kc5.} 63. Rb8 Kc5 64. Rb7 Kc6 65. Rb8 Kc7 66. Rb3 Kc6 67. Rb8 g4 68. Rb3 Kd6 {Hoping for ...Kc5.} 69. Rb8 Ke5 (69... h4 {seems wilder.} 70. gxh4 Kc7 71. Rb4 Kd6 72. h5 Ke7) 70. Re8+ Kf6 71. Rb8 Kg5 72. Rb5+ Kg6 73. Rb6+ $1 Kf5 74. Rb5+ Ke4 75. Rb8 Ke3 76. Re8+ $1 Kd4 (76... Kd2 {feels hotter.} 77. Rd8+ Ke3 78. Re8+) 77. Rd8+ $1 Kc3 78. Rc8+ Kb4 (78... Kd2 {with more complications.} 79. Rd8+ Ke3 80. Re8+) 79. Rb8+ Kc5 {aiming for ...Kc4.} 80. Rc8+ Kb6 81. Rb8+ Kc7 (81... Ka5 {is more complex.} 82. Ra8+ Kb6 83. Rb8+) 82. Rb3 Kd6 {Threatens to win with ...Kc5.} 83. Rb8 Ke5 {And now ...Kd4 would win.} (83... Kd5 {is interesting.} 84. Rb4 Kc5 85. Rb8 Kc6) 84. Re8+ Kf6 85. Rb8 h4 86. gxh4 Kg6 87. Rb5 Kh6 88. Rb8 $1 Kh5 89. Rh8+ Kg6 90. Rb8 Kh5 91. Rh8+ Kg6 {( -> ...Rg1+!)} 92. Rb8 Rc1 (92... Kf6 {keeps more tension.} 93. Rb6+ Kf5 94. h5 Kg5 95. h6 Rc1) 93. Rxb2 Kh5 94. Rb5+ Kxh4 95. Rb2 Ra1 96. Rc2 Rb1 97. Ra2 Rc1 {Black had all chances to win.  Weighted Error Value: White=0.08/Black=0.13} 1/2-1/2

[Event "Mitropa Online Cup Women 2021"]
[Site "Hybrid"]
[Date "2021.05.04"]
[Round "8.4"]
[White "Froewis, Annika"]
[Black "Urh, Zala"]
[Result "1/2-1/2"]
[WhiteElo "2143"]
[BlackElo "2173"]
[Annotator "NA"]
[PlyCount "64"]
[EventDate "2021.05.04"]
[EventType "team-tourn"]
[EventCountry "NET"]
[SourceTitle "playchess.com"]
[Source "ChessBase"]
[SourceQuality "1"]
[WhiteTeam "Austria"]
[BlackTeam "Slovenia"]
[WhiteTeamCountry "AUT"]
[BlackTeamCountry "SLO"]
[TimeControl "40/5400+30:1800+30"]

1. e4 {[%emt 0:00:00]} c5 {[%emt 0:00:16]} 2. Nf3 {[%emt 0:00:04]} Nc6 {[%emt 0:00:07]} 3. d4 {[%emt 0:00:07]} cxd4 {[%emt 0:00:06]} 4. Nxd4 {[%emt 0:00:03]} Nf6 {[%emt 0:00:12]} 5. Nc3 {[%emt 0:00:14]} e5 {[%emt 0:00:19]} 6. Ndb5 {[%emt 0:00:04]} d6 {[%emt 0:00:11]} 7. Bg5 {[%emt 0:00:06]} a6 {[%emt 0:00:15]} 8. Na3 {[%emt 0:00:03]} b5 {[%emt 0:00:06]} 9. Nd5 {[%emt 0:00:11]} Be7 {[%emt 0:00:15]} 10. Bxf6 {[%emt 0:00:04]} Bxf6 {[%emt 0:00:09]} 11. c3 {[%emt 0:00:06]} Bb7 {[%emt 0:00:22]} 12. Nc2 {[%emt 0:08:24]} Ne7 {[%emt 0:00:25]} 13. Ncb4 {[%emt 0:04:37]} Nxd5 {[%emt 0:02:10]} 14. Nxd5 {[%emt 0:00:05]} O-O {[%emt 0:04:21]} 15. a4 {[%emt 0:05:12]} Bc6 {[%emt 0:03:46]} 16. axb5 {[%emt 0:05:18]} axb5 {[%emt 0:00:53]} 17. Rb1 {[%emt 0:13:59]} Bg5 {[%emt 0:06:55]} 18. Qb3 {[%emt 0:04:49]} g6 {[%emt 0:06:17]} 19. Be2 {[%emt 0:08:33]} Kh8 {[%emt 0:03:41]} 20. O-O {[%emt 0:00:43]} f5 {[%emt 0:02:13]} 21. Bxb5 {[%emt 0:12:43]} Rb8 {[%emt 0:07:06]} 22. c4 {[%emt 0:00:09]} fxe4 {[%emt 0:04:19]} 23. Rbd1 {[%emt 0:04:43]} Qc8 {[%emt 0:06:48]} 24. Qa3 {[%emt 0:02:22]} Bxb5 {[%emt 0:13:00]} 25. cxb5 {[%emt 0:04:50]} Rxb5 {[%emt 0:03:51]} 26. Qxd6 {[%emt 0:01:53]} Qb8 {[%emt 0:00:40]} 27. Qxb8 {[%emt 0:08:30]} Rfxb8 {[%emt 0:00:10]} 28. Nc3 {[%emt 0:01:31]} Rxb2 {[%emt 0:00:57]} 29. Nxe4 {[%emt 0:00:27]} Be7 {[%emt 0:00:53]} 30. g3 {[%emt 0:02:19]} Kg7 {[%emt 0:01:28]} 31. Kg2 {[%emt 0:01:03]} Kf7 {[%emt 0:01:05]} 32. Rfe1 {[%emt 0:03:12]} Ke6 {[%emt 0:02:12]} 1/2-1/2

[Event "Mitropa Online Cup Women 2021"]
[Site "Hybrid"]
[Date "2021.05.04"]
[Round "8.4"]
[White "Vicze, Kata"]
[Black "Ruzic, Pia Marie"]
[Result "0-1"]
[WhiteElo "1809"]
[BlackElo "1990"]
[Annotator "NA"]
[PlyCount "86"]
[EventDate "2021.05.04"]
[EventType "team-tourn"]
[EventCountry "NET"]
[SourceTitle "playchess.com"]
[Source "ChessBase"]
[SourceQuality "1"]
[WhiteTeam "AUT"]
[BlackTeam "SLO"]
[BlackTeamCountry "SLO"]
[TimeControl "40/5400+30:1800+30"]

1. e4 {[%emt 0:00:00]} e6 {[%emt 0:00:06]} 2. d4 {[%emt 0:00:06]} d5 {[%emt 0:00:02]} 3. exd5 {[%emt 0:00:04]} exd5 {[%emt 0:00:03]} 4. Nf3 {[%emt 0:00:06]} Nf6 {[%emt 0:00:14]} 5. Bd3 {[%emt 0:00:07]} Bd6 {[%emt 0:00:04]} 6. Qe2+ {[%emt 0:00:05]} Be6 {[%emt 0:00:23]} 7. O-O {[%emt 0:01:04]} O-O {[%emt 0:00:12]} 8. Bg5 {[%emt 0:00:35]} Nbd7 {[%emt 0:03:17]} 9. Nc3 {[%emt 0:01:59]} c6 {[%emt 0:02:57]} 10. Ne5 {[%emt 0:03:52]} Qb6 {[%emt 0:10:32]} 11. Nxd7 {[%emt 0:04:10]} Nxd7 {[%emt 0:00:20]} 12. Qh5 {[%emt 0:04:01]} g6 {[%emt 0:00:19]} 13. Qh4 {[%emt 0:01:33]} Qxb2 {[%emt 0:23:14]} 14. Ne2 {[%emt 0:04:17]} Qb6 {[%emt 0:00:35]} 15. f4 {[%emt 0:02:20]} f5 {[%emt 0:05:35]} 16. Qe1 {[%emt 0:08:34]} Nf6 {[%emt 0:06:36]} 17. h4 {[%emt 0:02:19]} Ne4 {[%emt 0:13:54]} 18. Bh6 {[%emt 0:10:58]} Rfe8 {[%emt 0:01:06]} 19. h5 {[%emt 0:06:21]} Bb4 {[%emt 0:05:57]} 20. Qh4 {[%emt 0:05:18]} Be7 {[%emt 0:02:35]} 21. Qe1 {[%emt 0:05:20]} Bf6 {[%emt 0:00:50]} 22. c3 {[%emt 0:04:28]} Bf7 {[%emt 0:07:07]} 23. hxg6 {[%emt 0:04:36]} hxg6 {[%emt 0:00:47]} 24. Qc1 {[%emt 0:01:48]} Nxc3 {[%emt 0:02:17]} 25. Nxc3 {[%emt 0:05:54]} Qxd4+ {[%emt 0:00:10]} 26. Kh1 {[%emt 0:00:12]} Qxd3 {[%emt 0:01:11]} 27. Rf3 {[%emt 0:00:34]} Qc4 {[%emt 0:01:15]} 28. Qd2 {[%emt 0:01:12]} d4 {[%emt 0:03:12]} 29. Nd1 {[%emt 0:00:44]} Re2 {[%emt 0:00:15]} 30. Qa5 {[%emt 0:00:46]} b6 {[%emt 0:01:46]} 31. Qa3 {[%emt 0:00:27]} Qc2 {[%emt 0:00:27]} 32. Rc1 {[%emt 0:01:23]} Qd2 {[%emt 0:00:55]} 33. Rg3 {[%emt 0:01:35]} Be7 {[%emt 0:02:04]} 34. Qd3 {[%emt 0:02:52]} Qxd3 {[%emt 0:00:04]} 35. Rxd3 {[%emt 0:00:04]} c5 {[%emt 0:00:04]} 36. a4 {[%emt 0:00:49]} Bf6 {[%emt 0:01:09]} 37. a5 {[%emt 0:00:44]} c4 {[%emt 0:00:12]} 38. Ra3 {[%emt 0:00:20]} b5 {[%emt 0:00:12]} 39. Raa1 {[%emt 0:00:54]} b4 {[%emt 0:00:13]} 40. Rab1 {[%emt 0:00:00]} b3 {[%emt 0:00:00]} 41. Kg1 {[%emt 0:00:38]} c3 {[%emt 0:00:26]} 42. Nf2 {[%emt 0:00:16]} b2 {[%emt 0:00:26]} 43. Rf1 {[%emt 0:00:31]} Ba2 {[%emt 0:00:17]} 0-1

[Event "Mitropa Online Cup Women 2021"]
[Site "Hybrid"]
[Date "2021.05.04"]
[Round "8.5"]
[White "Brunello, Marina"]
[Black "Guichard, Pauline"]
[Result "0-1"]
[WhiteElo "2367"]
[BlackElo "2415"]
[Annotator "TA"]
[PlyCount "90"]
[EventDate "2021.05.04"]
[EventType "team-tourn"]
[EventCountry "NET"]
[SourceTitle "playchess.com"]
[Source "ChessBase"]
[SourceQuality "1"]
[WhiteTeam "Italy"]
[BlackTeam "France"]
[WhiteTeamCountry "ITA"]
[BlackTeamCountry "FRA"]

{[%evp 11,90,22,19,20,30,19,25,10,16,16,9,0,13,10,0,0,26,0,0,0,0,0,0,0,0,0,0,0,0,-38,-45,-42,-48,-62,-47,-76,33,-9,0,-34,-35,-131,-143,-107,-12,-81,-80,-402,0,0,0,0,0,0,0,-471,6,0,0,-6,-6,-6,0,-34,-27,-472,-471,-471,-471,-581,-593,-586,-573,-567,-567,-876,-842,-968,-957,-841,-789]} 1. e4 e5 2. Nf3 Nc6 3. Bc4 Nf6 4. d3 Bc5 5. O-O a6 6. c3 d6 7. a4 {outshines the older 7.Bb3. C54: Giuoco Piano: 4 c3 Nf6, main lines with 5 d4 and 5 d3.} Ba7 8. Na3 Ne7 9. Nc2 {White has an edge.} Ng6 10. Be3 Bxe3 11. Nxe3 O-O 12. a5 c6 13. Bb3 Rb8 {[#]} 14. Bc2 $146 ({Predecessor:} 14. Re1 Re8 15. g3 d5 16. exd5 cxd5 17. d4 e4 18. Nd2 h5 19. c4 Bg4 20. Nxg4 Nxg4 {½-½ (48) Dronov,A (2671)-Lecroq,M (2594) ICCF email 2016}) 14... Re8 15. d4 exd4 16. Qxd4 c5 17. Qd2 Nxe4 18. Bxe4 Rxe4 19. Rfd1 Re6 20. Nf5 {[%cal Rf5d6]} Bd7 21. Nxd6 Bc6 {White must now prevent ...Bxf3.} 22. Ng5 Re7 23. Nge4 Re5 (23... Qc7 $17 24. f3 (24. Nxc5 $2 Rd8 $19) 24... Rd8) 24. f3 (24. f4 $5 {[%cal Rf4e5]} Rh5 25. g3 $14) 24... Qc7 25. Qf2 (25. Nc4 $5 {[%cal Rc4e5]} Rd5 26. Qe3 $11) 25... Rd8 26. b4 (26. Nc4 $15 Red5 27. Re1) 26... cxb4 $17 27. cxb4 Nf4 (27... Qe7 $1 $17 28. Nc4 Red5 29. Rxd5 Bxd5) 28. Rac1 (28. Qh4 $11 Ng6 29. Qf2) 28... Re6 {[%cal Rd8d6]} 29. Qd2 {[%mdl 8192] [#]} (29. Nf5 $17) 29... Rdxd6 $2 30. Nxd6 $11 Ne2+ {[%mdl 64] Double Attack} 31. Kf2 $1 {Threatens to win with Rc2.} Nxc1 32. Qxc1 h6 33. Qd2 {[%mdl 8192]} (33. Qf4 $1 $11) 33... Re5 $2 (33... Ba4 $19 34. Qc1 Qxc1 {[%mdl 64] Overworked Piece} 35. Rxc1 Rxd6) 34. Qc2 Qe7 $36 {[%mdl 2048] Hoping for ...Qh4+. Black has the initiative.} 35. Qc4 Re6 36. Nf5 Qg5 37. Qd3 Qf4 {Black wants to play ...Bb5.} 38. Qd8+ $2 {[%mdl 8192]} (38. Nd4 $1 $11 Qh4+ 39. Kf1) 38... Re8 $19 {Black is clearly winning.} 39. Ne7+ Kh8 $1 40. Nxc6 Rxd8 41. Nxd8 Qxb4 42. Nxf7+ {KQ-KRN} Kg8 43. Rd7 Qb5 44. Rc7 Qxa5 45. Rxb7 Qd5 {Weighted Error Value: White=0.74/Black=0.44} 0-1

[Event "Mitropa Online Cup Women 2021"]
[Site "Hybrid"]
[Date "2021.05.04"]
[Round "8.5"]
[White "Sedina, Elena"]
[Black "Monpeurt, Cyrielle"]
[Result "1/2-1/2"]
[WhiteElo "2291"]
[BlackElo "2166"]
[Annotator "NA RC"]
[PlyCount "94"]
[EventDate "2021.05.04"]
[EventType "team-tourn"]
[EventCountry "NET"]
[SourceTitle "playchess.com"]
[Source "ChessBase"]
[SourceQuality "1"]
[WhiteTeam "Italy"]
[BlackTeam "France"]
[WhiteTeamCountry "ITA"]
[BlackTeamCountry "FRA"]
[TimeControl "40/5400+30:1800+30"]

1. e4 {[%emt 0:00:00]} e5 {[%emt 0:00:20]} 2. Nc3 {[%emt 0:00:29]} Nf6 {[%emt 0:00:14]} 3. g3 {[%emt 0:00:20]} Bc5 {[%emt 0:00:17]} 4. Bg2 {[%emt 0:00:18]} c6 {[%emt 0:00:19]} 5. Nge2 {[%emt 0:21:51]} d5 {[%emt 0:00:12]} 6. exd5 {[%emt 0:06:29]} cxd5 {[%emt 0:00:14]} 7. d4 {[%emt 0:03:08]} exd4 {[%emt 0:00:11]} 8. Nxd4 {[%emt 0:00:41]} O-O {[%emt 0:00:11]} 9. O-O {[%emt 0:01:19]} Bg4 {[%emt 0:00:20]} 10. f3 {[%emt 0:04:04]} Bxd4+ {[%emt 0:18:59]} 11. Qxd4 {[%emt 0:00:23]} Nc6 {[%emt 0:00:30]} 12. Qf2 {[%emt 0:07:56]} Be6 {[%emt 0:02:08]} 13. Rd1 {[%emt 0:10:32]} Qe7 {[%emt 0:07:39]} 14. Nb5 {[%emt 0:03:42]} Rac8 {[%emt 0:04:13]} 15. c3 {[%emt 0:01:41]} a6 {[%emt 0:05:37]} 16. Nd4 {[%emt 0:00:10]} b5 {[%emt 0:00:14]} 17. Bf1 {[%emt 0:10:44]} Qb7 {[%emt 0:10:25]} 18. Bg5 {[%emt 0:16:34]} Nd7 {[%emt 0:00:39]} 19. a4 {[%emt 0:02:01]} b4 {[%emt 0:01:27]} 20. Nxc6 {[%emt 0:01:01]} Rxc6 {[%emt 0:00:23]} 21. Be7 {[%emt 0:00:19]} bxc3 {[%emt 0:05:27]} 22. Bxf8 {[%emt 0:00:45]} Kxf8 {[%emt 0:00:39]} 23. bxc3 {[%emt 0:00:18]} Rxc3 {[%emt 0:00:10]} 24. Rac1 {[%emt 0:05:34]} Rb3 {[%emt 0:00:11]} 25. Qd4 {[%emt 0:01:32]} Rb4 {[%emt 0:01:31]} 26. Bxa6 {[%emt 0:00:22]} Ne5 {[%emt 0:04:52]} 27. Bxb7 {[%emt 0:00:34]} Nxf3+ {[%emt 0:00:15]} 28. Kg2 {[%emt 0:00:33]} Nxd4 {[%emt 0:00:06]} 29. Rxd4 {[%emt 0:00:36]} Rxd4 {[%emt 0:00:07]} 30. a5 {[%emt 0:00:01]} Ra4 {[%emt 0:00:56]} 31. a6 {[%emt 0:00:02]} Ke7 {[%emt 0:04:28]} 32. Kf3 {[%emt 0:00:17]} Kd6 {[%emt 0:06:19]} 33. Ke3 {[%emt 0:00:55]} d4+ {[%emt 0:13:37]} 34. Ke4 {[%emt 0:00:53]} f5+ {[%emt 0:01:31]} 35. Kd3 {[%emt 0:00:06]} Bd5 {[%emt 0:01:09]} 36. Rc8 {[%emt 0:00:51]} Be4+ {[%emt 0:02:04]} 37. Bxe4 {[%emt 0:00:19]} fxe4+ {[%emt 0:01:33]} 38. Kxe4 {[%emt 0:00:09]} Rxa6 {[%emt 0:01:00]} 39. Rh8 {[%emt 0:00:36]} h6 {[%emt 0:01:54]} 40. Rg8 {[%emt 0:00:00]} Ra7 {[%emt 0:00:00]} 41. Kxd4 {[%emt 0:03:05]} Ke6 {[%emt 0:01:20]} 42. Ke4 {[%emt 0:00:31]} Kf6 {[%emt 0:00:26]} 43. Kf4 {[%emt 0:01:55]} Ra4+ {[%emt 0:00:14]} 44. Kf3 {[%emt 0:00:07]} Ra3+ {[%emt 0:00:13]} 45. Kf4 {[%emt 0:00:48]} Ra4+ {[%emt 0:00:43]} 46. Kf3 {[%emt 0:00:05]} Ra3+ {[%emt 0:00:12]} 47. Kf4 {[%emt 0:00:03]} Ra4+ {[%emt 0:00:13]} 1/2-1/2